| Tag |
First Indicator |
Second Indicator |
Subfields |
| LEADER |
00000cam a2200000 i 4500 |
| 001 |
in00000007598 |
| 005 |
20151006050047.0 |
| 008 |
750512s1974 cs af b 00110 eng |
| 010 |
|
|
|a 75306627
|
| 015 |
|
|
|a Cz***
|
| 020 |
|
|
|c Kčs20.00
|
| 035 |
|
|
|a (OCoLC)01187401
|
| 035 |
|
|
|9 AAA2094AM
|
| 040 |
|
|
|a DLC
|c DLC
|d m.c.
|d TXA
|d UtOrBLW
|
| 043 |
|
|
|a e-gr---
|
| 049 |
|
|
|a TXAM
|c [A12562243]
|
| 050 |
0 |
0 |
|a AS141
|b .A522 no. 49
|a DF78
|
| 082 |
0 |
|
|a 909 s
|a 739/.512/09381
|
| 100 |
1 |
|
|a Bouzek, Jan.
|
| 245 |
1 |
0 |
|a Graeco-Macedonian bronzes :
|b (analysis and chronology) /
|c Jan Bouzek.
|
| 264 |
|
1 |
|a Praha :
|b Universita Karlova,
|c 1974.
|
| 300 |
|
|
|a 195 pages, 10 unnumbered pages of plates :
|b illustrations ;
|c 24 cm.
|
| 336 |
|
|
|a text
|b txt
|2 rdacontent
|
| 337 |
|
|
|a unmediated
|b n
|2 rdamedia
|
| 338 |
|
|
|a volume
|b nc
|2 rdacarrier
|
| 490 |
1 |
|
|a Acta Universitatis Carolinae. Philosophica et historica. Monographia ;
|v 49
|
| 500 |
|
|
|a On cover: 1973.
|
| 504 |
|
|
|a Bibliography: pages 185-187.
|
| 500 |
|
|
|a Includes indexes.
|
| 650 |
|
0 |
|a Bronzes, Greek
|x Expertising.
|
| 650 |
|
0 |
|a Bronzes, Macedonian.
|
| 830 |
|
0 |
|a Acta Universitatis Carolinae.
|p Philosophica et historica.
|p Monographia ;
|v 49.
|
| 999 |
|
|
|a MARS
|
| 999 |
f |
f |
|s efe06c2e-2a82-3380-9480-0209a5db40ae
|i 1afbfde6-9779-3af7-af69-8950c952b70b
|t 0
|
| 952 |
f |
f |
|p ric
|a Texas A&M University
|b Rellis Campus
|c Joint Library Facility
|d Remote Storage
|t 0
|e AS141 .A522 no.49
|h Library of Congress classification
|i unmediated -- volume
|m A14812562243
|
| 998 |
f |
f |
|a AS141 .A522 no.49
|t 0
|l Remote Storage
|